Statystyki dla Zdobywcy złotego tłoka

Kliknij tutaj aby rozwiązać quiz!

Ogólne statystyki

  • Ten quiz został rozwiązany 21 razy
  • Średni wynik to 2 z 7

Statystyki odpowiedzi

Liczba złotych tłokówImię i nazwisko% Poprawnych
7Zygzak McQueen
95%
7Strip Zawierucha / Pan Król
68%
3Hudson Hornet
58%
3Cruz Ramirez
21%
3Darrell Cartrip
5%
4Dale Earnhardt
0%
3Klint Shiftright
0%

Rozkład punktacji

Percentyl według liczby udzielonych odpowiedzi

Procent ludzi z każdym wynikiem

Twoja historia wyników

Nie rozwiązałeś tego quizu